Sociálne bývanie Polje v Ľubľane

Bibliographic Details
Main Author: Hrausky, Andrej (Author)
Format: Article
Language:Slovak
PhysicalDescription:Fotogr., obr.
ISSN:1335-3268
Subjects:

MARC

LEADER 00000nab a2200000 ar4500
001 vtls008418280
003 SK-MaSNL
005 20260303070043.0
008 051213c2005 xo mr|p|||||||000 b|slo
015 |a SNBRB2005/12  |2 snkbucl 
038 |a SNKBUCL 
040 |a SNKBUCL  |b slo  |c SNKBUCL  |e AACR2 
041 0 |a slo 
044 |a xo  |c SK 
080 |a 728.222  |x (497.12)  |2 UDC-MRF-SK2 
100 1 |a Hrausky, Andrej  |4 aut  |9 809756 
245 1 0 |a Sociálne bývanie Polje v Ľubľane  |c Andrej Hrausky 
300 |b Fotogr., obr. 
610 2 7 |a Polje (sociálne byty : Ľubľana, Slovinsko)  |x architektúra  |2 snkbucl  |9 1066980 
650 0 7 |a sociálne byty  |2 snkbucl  |9 1037282 
773 0 |t ARCH  |g Roč. 10, č. 11 (2005), s. 34-37  |x 1335-3268 
852 |a SNK  |b KIS3GCP 
958 |a SI 
999 |c 1753714  |d 1755644